| 000 | 00733nam a2200217 4500 | ||
|---|---|---|---|
| 001 | 117687 | ||
| 003 | ES-MaACL | ||
| 005 | 20231229062545.0 | ||
| 007 | t| | ||
| 008 | 070214s1947 sp r ||||1| spa d | ||
| 100 | 1 |
_aPerea, Antonio. _990433 |
|
| 245 | 1 | 0 |
_aRomances de ayer y de hoy / _cAntonio Perea ; prólogo de Federico Carlos Sáinz de Robles ; epílogo Alfredo Marquerie. |
| 260 |
_aMadrid : _bAfrodisio Aguado, _c1947. |
||
| 300 |
_a150 p. ; _c20 cm. |
||
| 490 | 1 | _a"Más allá` | |
| 700 | 1 |
_aSainz de Robles, Federico Carlos, _d1898-1982 _9101593 |
|
| 700 | 1 |
_aMarquerie, Alfredo, _d1907-1974 _976973 |
|
| 830 | 0 |
_a"Más allá` _9181282 |
|
| 852 |
_aES-MaACL _jE-2231 _bR.23919 |
||
| 999 |
_c117687 _d117687 |
||